000 01502nam a2200229Ia 4500
003 Ost
005 20260416102356.0
008 260416s9999||||xx |||||||||||||| ||und||
040 _cfsecg
041 _aara
082 _a658.8
100 _aجنادي، كريم
_eمؤلف
245 0 _a محاضرات في التسويق الاستراتيجي للمؤسسات التنافسية :
_bمطبوعة موجهة لكل طلبة الليسانس السنة الثالثة تخصص تسويق و طلبة الماستر تخصص إدارة الأعمال /
_c كريم جنادي
260 _aالجزائر
_bجامعة الجزائر3: كلية العلوم الإقتصادية، العلوم التجارية وعلوم التسيير
_c2021
300 _a230 ورقة
_bايضاحات
_c30 سم
504 _aمراجع ص.225
520 _aتطور الفكر التسويقي أصوله و أبعاده الفكرية ، واقع و مكانة تغلغل النشاطات التسويقية في المؤسسة الاقتصادية ضمن المفهوم التسويقي الاستراتيجي الحديث، المفهوم التسويقي الاستراتيجي الحديث : موقعه و مهامه في المؤسسة الاقتصادية.
653 _aالتسويق
653 _aالمنافسة
710 _aجامعة الجزائر3: كلية العلوم الإقتصادية، العلوم التجارية وعلوم التسيير
_eناشر علمي
942 _cHANDOUT
999 _c41237
_d41237